Richard Wagner: the mastersingers
Salvato in:
| Autore principale: | |
|---|---|
| Natura: | Libro |
| Lingua: | inglese |
| Pubblicazione: |
Londres
Boosey and Hawkes
1948
|
| Serie: | Covent Garden Operas. Anthony
|
| Soggetti: | |
| Tags: |
Aggiungi Tag
Nessun Tag, puoi essere il primo ad aggiungerne!!
|
MARC
| LEADER | 00000nam a2200000 a 4500 | ||
|---|---|---|---|
| 001 | UCW2530 | ||
| 003 | CL-VaPUC | ||
| 008 | 920615e19480000UK |||||||||||||||||eng|d | ||
| 082 | 0 | 4 | |a 782.1092 |b WEL |2 21 |
| 100 | 0 | |a Wellesz, Egon |e author |9 306739 | |
| 245 | 1 | 0 | |a Richard Wagner: the mastersingers |
| 300 | |a 32 p | ||
| 942 | |c BK | ||
| 945 | |d 19920615 00:00:00 | ||
| 260 | |a Londres |b Boosey and Hawkes |c 1948 | ||
| 600 | 0 | |a Wagner, Wilhelm Richard |9 265759 | |
| 650 | 7 | |a OPERAS |2 CL-VaPUC |9 306368 | |
| 650 | 0 | |a Análisis musical |9 267228 | |
| 650 | 0 | |a Argumentos |9 306369 | |
| 583 | |a last modification |c 19920615 00:00:00 |k Rodrigo Vera | ||
| 490 | 0 | |a Covent Garden Operas. Anthony | |
| 999 | |c 217069 |d 217067 | ||
| 952 | |0 0 |1 0 |4 0 |6 782_109200000000000_WEL_1948 |7 0 |8 A |9 203566 |a BIBEDU |b BIBEDU |d 2019-11-15 |i 2708000 |o 782.1092 WEL 1948 |p 2708000 |r 2023-01-12 |w 2019-11-15 |y BK |k MUS | ||